00230 a2200109 4500001000700000020000600007040001100013100002000024240003600044245003100080362000900111166278 a  cMagnum aKleiman, Angela10aLeitura: ensino e pesquisalpor10aLeitura: ensino e pesquisa0 a1899